01020cam a2200301 i 450000100090000000300040000900500170001300800410003001000170007102000180008804000230010604200150012904300120014405000280015608200180018410000320020224500790023426400560031330000590036933600210042833700250044933800230047450400670049760000320056465000360059665100500063265100360068219531600OSt20230621122420.0170301s2017 ke a b 001 0beng  a 2016343168 a9789966190321 aDLCbengcDLCerda alcodeapcc af-ke---00aDT433.582.K56bN34 2017 a967.6204bWAI1 aNderitũ, Alice Wairimũ.10aMũkami Kĩmathi :bMau Mau freedom fighter /cwith Wairimũ Nderitũ. 1aNairobi :bMdahalo Bridging Divides Limited,c2017. axxiv, 307 pages :billustrations (some color) ;c23 cm atext2rdacontent aunmediated2rdamedia avolume2rdacarrier aIncludes bibliographical references (pages 287-293) and index.10aKĩmathi, Mũkami,d1930- 0aNationalistszKenyavBiography. 0aKenyaxHistoryyMau Mau Emergency, 1952-1960. 0aKenyaxPolitics and government.